Arnaldo Roche Rabell (Record no. 922)

MARC details
000 - LÍDER
campo de control de longitud fija 00916nam a2200205Ia 4500
008 - ELEMENTOS DE DATOS DE LONGITUD FIJA - INFORMACIÓN GENERAL
campo de control de longitud fija 0000001998 ve a 0000000000spa00
020 ## - INTERNATIONAL STANDARD BOOK NUMBER
International Standard Book Number 9802381934
090 ## - NÚMERO DE LLAMADA DE TIPO LC LOCALMENTE ASIGNADO (OCLC)
Número de clasificación (OCLC) (R) PPR00 P14a
100 1# - ENTRADA PRINCIPAL - NOMBRE PERSONAL
Nombre de la persona Palomero, Federica
245 10 - TÍTULO DECLARACIÓN
Título Arnaldo Roche Rabell
Resto del título : Nomada. del espíritu a la materia, pinturas 1985-1996
Declaración de responsabilidad / textos Federica Palomero, Roberto Guevara ; fotografías Johnny Betancourt
260 ## - PUBLICACIÓN, DISTRIBUCIÓN
Lugar de publicación Caracas : Editorial Arte
Fecha de publicación 1998
300 ## - DESCRIPCIÓN FÍSICA
Alcance 30 p.
Dimensiones / 28 cm.
500 ## - NOTA GENERAL
Nota general Exposición realizada en el Museo de Bellas Artes, Caracas, MarzoMayo, 1998 \ Con el patronazgo del maestro venezolano Jesús Rafael Soto (q.e.p.d.)
600 00 - ENTRADA DE SUJETO AÑADIDO - NOMBRE PERSONAL
Nombre de la persona ROCHERABELL, ARNALDO, 1955 /
Subdivisión general TRABAJOS PICTORICOS
650 14 - ENTRADA DE SUJETO AÑADIDO - TÉRMINO TÓPICO
Término tópico o elemento de entrada del nombre geográfico PINTURA PUERTORRIQUEÑA
650 14 - ENTRADA DE SUJETO AÑADIDO - TÉRMINO TÓPICO
Término tópico o elemento de entrada del nombre geográfico ARTE CONTEMPORANEO PUERTORRIQUEÑO
650 14 - ENTRADA DE SUJETO AÑADIDO - TÉRMINO TÓPICO
Subdivisión general CATALOGOS
650 14 - ENTRADA DE SUJETO AÑADIDO - TÉRMINO TÓPICO
Término tópico o elemento de entrada del nombre geográfico PINTORES PUERTORRIQUEÑOS
700 1# - ENTRADA AGREGADA - NOMBRE PERSONAL
Nombre de la persona Guevara, Roberto \ Betancourt, Johnny
Holdings
Estado de retirada Pérdida de estatus Estado dañado No para préstamo Código de recogida Ubicación permanente Ubicación actual Ubicación de las estanterías Fecha de adquisición Número de llamada completo Código de barras Fecha de la última vez que se vio Número de copia Precio efectivo desde Tipo de artículo Koha
        General ArtNexus ArtNexus General 06/09/2022 P-PR-00 P14A 922 06/09/2022 Ej.1 06/09/2022 Libro

Powered by Koha